[Event "Sparkassen-Open A"]
[Site "Heusenstamm, Martinsee"]
[Date "2015.11.27"]
[Round "3.66"]
[White "Kilthau, Peter"]
[Black "Bethke, Richard"]
[Result "1/2-1/2"]
[WhiteElo "1850"]
[BlackElo "1672"]
[PlyCount "86"]
[EventDate "2015.??.??"]
[WhiteTeam "SK Mannheim"]
[BlackTeam "SC Gelnhausen"]

1. e4 c5 2. Nf3 d6 3. Bc4 a6 4. a4 e6 5. O-O Nf6 6. d3 Nc6 7. c3 Be7 8. Re1 O-O
9. Bg5 Na5 10. Ba2 h6 11. Bh4 Re8 12. h3 Nc6 13. Nbd2 b5 14. d4 cxd4 15. Nxd4
Nxd4 16. cxd4 Qb6 17. e5 Nd7 18. Bxe7 Rxe7 19. exd6 Qxd6 20. Ne4 Qb4 21. d5 Bb7
22. Qd2 Qxd2 23. Nxd2 Nc5 24. dxe6 fxe6 25. axb5 axb5 26. Re5 Bd5 27. Rxd5 Nb3
28. Nxb3 exd5 29. Nd4 Kh8 30. Nxb5 Rb7 31. Na3 Rxb2 32. Bxd5 Ra5 33. Be6 Rd2
34. Kh2 Rxf2 35. Nc2 Rxa1 36. Nxa1 g5 37. Nb3 Kg7 38. Nd4 Rd2 39. Nf3 Rd6 40.
Bf5 h5 41. Nxg5 Rd5 42. g4 hxg4 43. hxg4 Rxf5 1/2-1/2

[Event "Sparkassen-Open A"]
[Site "Heusenstamm, Martinsee"]
[Date "2015.11.27"]
[Round "3.67"]
[White "Mager, Thomas"]
[Black "Firinci, Erdem"]
[Result "1-0"]
[WhiteElo "1838"]
[BlackElo "1612"]
[PlyCount "93"]
[EventDate "2015.??.??"]
[WhiteTeam "vereinslos"]
[BlackTeam "SF Heusenstamm"]

1. d4 Nf6 2. Bf4 d5 3. e3 Bf5 4. Nf3 e6 5. Nbd2 Bd6 6. Ne5 Bxe5 7. dxe5 Nfd7 8.
Nf3 Nc6 9. Bb5 Nb4 10. Nd4 c6 11. Nxf5 exf5 12. Be2 Na6 13. O-O O-O 14. Bxa6
bxa6 15. Qd3 g6 16. Qxa6 Qb6 17. Qa3 Qc5 18. Qd3 Rfe8 19. Qd4 Qxd4 20. exd4 c5
21. c3 c4 22. Rfe1 Re6 23. b3 Rc8 24. bxc4 Rxc4 25. Bd2 Rb6 26. Rab1 Rcc6 27.
Kf1 Kg7 28. Rb3 h6 29. Reb1 Re6 30. Bc1 a5 31. Ba3 Rec6 32. Ke2 f6 33. f4 fxe5
34. fxe5 Kf7 35. Kd3 h5 36. Rc1 a4 37. Rb4 Rxb4 38. cxb4 Rxc1 39. Bxc1 Nb6 40.
Kc3 Ke6 41. b5 Nc4 42. Kb4 f4 43. Bxf4 Kf5 44. Bc1 Ke4 45. Kc5 Nxe5 46. dxe5
Kxe5 47. b6 1-0

[Event "Sparkassen-Open A"]
[Site "Heusenstamm, Martinsee"]
[Date "2015.11.27"]
[Round "3.68"]
[White "Kunisch, Nina"]
[Black "Bahlke, Florian"]
[Result "1/2-1/2"]
[WhiteElo "1406"]
[BlackElo "1836"]
[PlyCount "57"]
[EventDate "2015.??.??"]
[WhiteTeam "TV-Großostheim"]
[BlackTeam "SF Dettingen"]

1. e4 c5 2. Nf3 g6 3. d4 cxd4 4. Nxd4 Bg7 5. Nc3 Nc6 6. Be3 Nf6 7. f3 O-O 8.
Qd2 d5 9. O-O-O dxe4 10. Nxe4 Nxe4 11. fxe4 Bg4 12. Nxc6 bxc6 13. Qxd8 Rfxd8
14. Rxd8+ Rxd8 15. Bd3 Bd4 16. Bxd4 Rxd4 17. h3 Be6 18. Kd2 c5 19. Ke3 Rb4 20.
b3 a5 21. a3 Rb6 22. Kd2 Kg7 23. Kc3 Kf6 24. Bc4 Kg5 25. g3 h5 26. Kd3 h4 27.
gxh4+ Kxh4 28. Bxe6 Rxe6 29. a4 1/2-1/2

[Event "Sparkassen-Open A"]
[Site "Heusenstamm, Martinsee"]
[Date "2015.11.27"]
[Round "3.69"]
[White "van den Hoff, Damien"]
[Black "Kabakci, Cem"]
[Result "1-0"]
[WhiteElo "1836"]
[BlackElo "1496"]
[PlyCount "59"]
[EventDate "2015.??.??"]
[WhiteTeam "vereinslos"]
[BlackTeam "SK Handschuhsheim"]

1. e4 e5 2. Nf3 Nc6 3. d4 exd4 4. Nxd4 Bc5 5. Nxc6 bxc6 6. Nc3 Bb7 7. Bd3 Qf6
8. O-O Ne7 9. Qh5 Bb6 10. Kh1 Qg6 11. Qh4 Qe6 12. f4 O-O-O 13. f5 Qd6 14. Bf4
Qb4 15. a3 Qxb2 16. Na4 Nxf5 17. Qxd8+ Kxd8 18. Nxb2 Ne7 19. Nc4 Bd4 20. Rab1
Bc8 21. Be3 Bxe3 22. Nxe3 Ng6 23. Rxf7 Ke8 24. Rxg7 Kf8 25. Nf5 Nh4 26. Rg4 Ng6
27. Rb8 Kf7 28. Nh4 Ne5 29. Rf4+ Ke6 30. Ba6 1-0

[Event "Sparkassen-Open A"]
[Site "Heusenstamm, Martinsee"]
[Date "2015.11.27"]
[Round "3.70"]
[White "Weise, Martin"]
[Black "Miller, Justin"]
[Result "1-0"]
[WhiteElo "2155"]
[BlackElo "1736"]
[PlyCount "101"]
[EventDate "2015.??.??"]
[WhiteTeam "SC Fulda"]
[BlackTeam "Sfr. Kelkheim"]

1. d4 d5 2. Bf4 Nf6 3. e3 Nbd7 4. c4 e6 5. Nc3 c6 6. Nf3 Qa5 7. Nd2 Bb4 8. Qc2
O-O 9. Be2 Re8 10. O-O e5 11. Nb3 Qd8 12. dxe5 Nxe5 13. Rfd1 Bxc3 14. bxc3 Qe7
15. Nd2 h6 16. h3 Nxc4 17. Nxc4 dxc4 18. Bxc4 Be6 19. Bd6 Qd8 20. Bh2 Qa5 21.
Bf1 Bf5 22. Qb3 b6 23. Qb4 Qxb4 24. cxb4 c5 25. bxc5 bxc5 26. Rac1 Be6 27. Rd2
Ne4 28. Rb2 Red8 29. Ba6 Rd7 30. f3 Nd6 31. Rxc5 Rad8 32. Kf2 Nf5 33. Rcc2 Rd1
34. Be2 Rh1 35. Bc7 Rd7 36. g4 Nd6 37. Kg2 Ra1 38. Rb8+ Kh7 39. Bd3+ g6 40. Ba5
Rb7 41. Rd8 Rd7 42. Rxd7 Bxd7 43. Bc3 Rb1 44. Be5 Rb6 45. Rc7 Be6 46. Rxa7 Nc8
47. Ra8 Bd7 48. Bd4 Rc6 49. Kg3 Be6 50. a4 Kg8 51. a5 1-0

[Event "Sparkassen-Open A"]
[Site "Heusenstamm, Martinsee"]
[Date "2015.11.27"]
[Round "3.71"]
[White "Müller, Gerhard"]
[Black "Fischer, Lutz"]
[Result "1-0"]
[WhiteElo "1938"]
[BlackElo "1729"]
[PlyCount "59"]
[EventDate "2015.??.??"]
[WhiteTeam "SV Mainz-Mombach"]
[BlackTeam "SF Frankfurt"]

1. e4 e6 2. d4 d5 3. exd5 exd5 4. h3 Nc6 5. Nf3 Bd6 6. Nc3 Nge7 7. Be2 O-O 8.
O-O a6 9. Re1 Be6 10. Bf1 Qd7 11. Ne2 Bf5 12. c3 Rae8 13. Bf4 Be4 14. Bxd6 Qxd6
15. Ng3 f5 16. Nd2 Ng6 17. Nh5 f4 18. Nxe4 dxe4 19. Qg4 Qd5 20. g3 Rf5 21. Bc4
Qxc4 22. Qxf5 e3 23. Nxf4 Nxf4 24. Qxf4 exf2+ 25. Qxf2 Rf8 26. Qe2 Qd5 27. Qe6+
Qxe6 28. Rxe6 Rf3 29. Kg2 Rd3 30. Rf1 1-0

[Event "Sparkassen-Open A"]
[Site "Heusenstamm, Martinsee"]
[Date "2015.11.27"]
[Round "3.72"]
[White "Zirlik, Rudi"]
[Black "Wehr, Jan"]
[Result "1/2-1/2"]
[WhiteElo "1937"]
[BlackElo "1713"]
[PlyCount "95"]
[EventDate "2015.??.??"]
[WhiteTeam "SV Unterkochen"]
[BlackTeam "Krefelder SK Turm"]

1. d4 Nf6 2. g3 e6 3. c4 d5 4. Bg2 Be7 5. Nc3 O-O 6. Bg5 dxc4 7. e4 Nc6 8. Nge2
Nxe4 9. Bxe7 Nxc3 10. Bxd8 Nxd1 11. Bxc6 bxc6 12. Be7 Re8 13. Ba3 Nxb2 14. Bxb2
Ba6 15. Bc3 Rab8 16. O-O Rb5 17. Nf4 Reb8 18. Rfe1 Kf8 19. Ng2 R8b7 20. Nh4 c5
21. Nf3 cxd4 22. Nxd4 Rd5 23. f4 c5 24. Ne2 f6 25. Rab1 Kf7 26. Rxb7+ Bxb7 27.
Rb1 Bc6 28. Rb8 a6 29. Rc8 Bb5 30. Rc7+ Kf8 31. Kf2 Rh5 32. Kg2 Rd5 33. g4 e5
34. g5 exf4 35. gxf6 gxf6 36. Bxf6 f3+ 37. Kxf3 Rf5+ 38. Nf4 Rxf6 39. Rxc5 Rc6
40. Rxc6 Bxc6+ 41. Ke3 Ke7 42. Kd4 Bb5 43. Nd5+ Ke6 44. Nb6 Kf5 45. Nxc4 Kg4
46. Nd6 Bf1 47. Ne4 h5 48. Nf6+ 1/2-1/2

[Event "Sparkassen-Open A"]
[Site "Heusenstamm, Martinsee"]
[Date "2015.11.27"]
[Round "3.73"]
[White "Winand, Edgar"]
[Black "Midanka, Vladimir"]
[Result "1-0"]
[WhiteElo "1922"]
[BlackElo "1700"]
[PlyCount "61"]
[EventDate "2015.??.??"]
[WhiteTeam "SC Flörsheim"]
[BlackTeam "vereinslos"]

1. g4 d5 2. Bg2 Bxg4 3. c4 Be6 4. Qb3 Bc8 5. cxd5 c6 6. Nc3 Qb6 7. Qc4 Bd7 8.
d4 Nf6 9. Na4 Qa6 10. Qb3 b6 11. Nc3 e6 12. dxc6 Nxc6 13. d5 Nd4 14. Qd1 e5 15.
Bg5 Rc8 16. Nf3 Nxf3+ 17. Bxf3 b5 18. O-O Rc4 19. e4 Be7 20. Be3 h6 21. Be2 Rc8
22. a4 Nh7 23. d6 Bg5 24. axb5 Qb7 25. Rxa7 Qb8 26. Rxd7 Rxc3 27. Bxg5 Nxg5 28.
Re7+ Kf8 29. bxc3 Nh3+ 30. Kh1 Qb6 31. Qd5 1-0

[Event "Sparkassen-Open A"]
[Site "Heusenstamm, Martinsee"]
[Date "2015.11.27"]
[Round "3.74"]
[White "Bittner, Peter"]
[Black "Traut, Stefan"]
[Result "1-0"]
[WhiteElo "1912"]
[BlackElo "1687"]
[PlyCount "57"]
[EventDate "2015.??.??"]
[WhiteTeam "SC Nied"]
[BlackTeam "SF Heusenstamm"]

1. e4 c5 2. Nf3 Nc6 3. c3 g6 4. d4 cxd4 5. cxd4 Bg7 6. Nc3 d6 7. h3 Bd7 8. Be2
Rc8 9. O-O Na5 10. Bf4 a6 11. Rc1 b5 12. b3 Bc6 13. Qd2 Bb7 14. Rc2 e6 15. Rfc1
Ne7 16. Bh6 O-O 17. Bxg7 Kxg7 18. d5 e5 19. Nh2 f5 20. Bd3 f4 21. Be2 Rc7 22.
Nf3 h6 23. Nxe5 Ng8 24. Ng4 h5 25. Qd4+ Kh7 26. Nh2 Re7 27. Nf3 Ree8 28. h4 Bc8
29. Ng5+ 1-0

[Event "Sparkassen-Open A"]
[Site "Heusenstamm, Martinsee"]
[Date "2015.11.27"]
[Round "3.75"]
[White "Blosze, Winfried"]
[Black "Köllner, Felicitas Ophelia"]
[Result "1-0"]
[WhiteElo "1865"]
[BlackElo "1682"]
[PlyCount "95"]
[EventDate "2015.??.??"]
[WhiteTeam "SV Großauheim"]
[BlackTeam "SV Bergneustadt/Derschlag"]

1. e4 d6 2. d4 Nf6 3. Nc3 Nbd7 4. Nf3 e5 5. dxe5 dxe5 6. a3 Be7 7. Bg5 O-O 8.
Bc4 h6 9. Bh4 a6 10. Qe2 b5 11. Bb3 c5 12. Rd1 Qa5 13. O-O Rd8 14. Nd5 Nxd5 15.
Bxd5 Bxh4 16. Bxa8 Be7 17. Rd2 Qc7 18. Rfd1 Nb6 19. Rxd8+ Bxd8 20. Bd5 Na4 21.
c4 bxc4 22. Bxc4 Bf6 23. Qc2 Nb6 24. Bd3 a5 25. Rc1 Be7 26. b4 axb4 27. axb4 c4
28. Bxc4 Bxb4 29. Bd5 Qxc2 30. Rxc2 Kf8 31. Nxe5 f6 32. Ng6+ Ke8 33. Rc7 Bd7
34. Rb7 Nxd5 35. exd5 Bd6 36. g3 Kd8 37. Nf4 g5 38. Ne6+ Ke7 39. Kg2 Ke8 40. g4
Be5 41. h3 Bd6 42. Kf3 Be5 43. Ke4 Bd6 44. Kf5 Be7 45. Kg6 Bd6 46. Kxf6 Be7+
47. Kg6 Bd6 48. Kxh6 1-0

[Event "Sparkassen-Open A"]
[Site "Heusenstamm, Martinsee"]
[Date "2015.11.27"]
[Round "3.76"]
[White "Libuda, Thomas"]
[Black "Wilk, David"]
[Result "1-0"]
[WhiteElo "1846"]
[BlackElo "1668"]
[PlyCount "83"]
[EventDate "2015.??.??"]
[WhiteTeam "1. Hainstadter SC"]
[BlackTeam "SF Mainz"]

1. d4 Nf6 2. Nf3 e6 3. e3 g6 4. Bd3 Bg7 5. c3 d5 6. Nbd2 Nbd7 7. O-O a6 8. Qe2
c5 9. Re1 O-O 10. e4 dxe4 11. Nxe4 Nxe4 12. Qxe4 cxd4 13. cxd4 Nf6 14. Qh4 Nd5
15. Bg5 Bf6 16. Qh6 Bg7 17. Qh4 Bf6 18. Re5 Kg7 19. Qh6+ Kg8 20. Bxf6 Qxf6 21.
h4 Qf4 22. Ng5 Nf6 23. Re4 Qd6 24. h5 Re8 25. Rh4 Qf8 26. hxg6 fxg6 27. Nxh7
Qxh6 28. Nxf6+ Kf7 29. Rxh6 Kxf6 30. Rxg6+ Ke7 31. Rc1 Kd6 32. Be4 Bd7 33. f4
Ke7 34. Bxb7 Rab8 35. Bxa6 Rxb2 36. Bc4 Rc8 37. Rg7+ Kd6 38. d5 Rb4 39. dxe6
Bxe6 40. Rd1+ Kc5 41. Bxe6 Rc6 42. Rc1+ 1-0

[Event "Sparkassen-Open A"]
[Site "Heusenstamm, Martinsee"]
[Date "2015.11.27"]
[Round "3.77"]
[White "Saluvar, Bülent"]
[Black "van Foreest, Pieter"]
[Result "0-1"]
[WhiteElo "1799"]
[BlackElo "1661"]
[PlyCount "92"]
[EventDate "2015.??.??"]
[WhiteTeam "SC Münster"]
[BlackTeam "vereinslos"]

1. d4 d5 2. c4 c6 3. Nf3 Nf6 4. e3 e6 5. Bd3 Bd6 6. O-O Nbd7 7. c5 Be7 8. b4 b6
9. Nbd2 Qc7 10. Bb2 Rb8 11. Qc2 bxc5 12. dxc5 Rxb4 13. e4 Nxc5 14. Ba3 Nxd3 15.
Qxd3 dxe4 16. Qc3 exf3 17. Bxb4 Nd5 18. Qxg7 Bf6 19. Qh6 Bxa1 20. Rxa1 Nxb4 21.
Qf6 Rg8 22. Nxf3 Nd5 23. Qh4 Qf4 24. Qxf4 Nxf4 25. g3 Bb7 26. Rb1 Nh3+ 27. Kg2
Nf4+ 28. Kh1 Bc8 29. gxf4 f6 30. Nd4 c5 31. Nc6 Kd7 32. Nxa7 Ba6 33. h3 c4 34.
Rb6 Bc8 35. Nxc8 Rxc8 36. Rb2 c3 37. Rc2 Kd6 38. Kg2 Kd5 39. Kf3 Kd4 40. Ke2 f5
41. Rc1 Rc5 42. a4 e5 43. Rd1+ Kc4 44. Ra1 c2 45. Kd2 Kb3 46. a5 Kb2 0-1

[Event "Sparkassen-Open A"]
[Site "Heusenstamm, Martinsee"]
[Date "2015.11.27"]
[Round "3.78"]
[White "Kornilov, Alexander"]
[Black "Berkes, Jörg Dr"]
[Result "0-1"]
[WhiteElo "1653"]
[BlackElo "1789"]
[PlyCount "80"]
[EventDate "2015.??.??"]
[WhiteTeam "SC Butzbach"]
[BlackTeam "SK Langen"]

1. d4 d5 2. Nf3 Nf6 3. Bf4 Bg4 4. e3 Nh5 5. Bg3 e6 6. h3 Nxg3 7. fxg3 Bh5 8. c4
Bd6 9. g4 Bg3+ 10. Kd2 Bg6 11. Nc3 c5 12. cxd5 cxd4 13. Qa4+ Nd7 14. Qxd4 e5
15. Qa4 O-O 16. Bc4 Qb6 17. Qb5 Qc7 18. Ne2 a6 19. Qb3 Nc5 20. Qb4 Ne4+ 21. Kd1
Nf2+ 22. Kd2 Nxh1 23. Rxh1 e4 24. Nfd4 Bd6 25. Qc3 Qe7 26. a3 b5 27. Nc6 Qb7
28. Ba2 Rfc8 29. Ned4 a5 30. Qc1 b4 31. a4 b3 32. Bxb3 Bb4+ 33. Ke2 Qc7 34. Nb5
Qg3 35. Rg1 h5 36. Qf1 Rxc6 37. dxc6 Rd8 38. Nd4 Rxd4 39. exd4 Qd3+ 40. Kf2 e3+
0-1

[Event "Sparkassen-Open A"]
[Site "Heusenstamm, Martinsee"]
[Date "2015.11.27"]
[Round "3.79"]
[White "Marzec, Witold"]
[Black "Weber, Detlef"]
[Result "1/2-1/2"]
[WhiteElo "1785"]
[BlackElo "1644"]
[PlyCount "59"]
[EventDate "2015.??.??"]
[WhiteTeam "vereinslos"]
[BlackTeam "SC Höxter"]

1. d4 d5 2. c4 c6 3. Nc3 Nf6 4. e3 e6 5. Nf3 Nbd7 6. Bd3 dxc4 7. Bxc4 b5 8. Bd3
Bb7 9. O-O Bd6 10. e4 e5 11. Re1 O-O 12. dxe5 Nxe5 13. Nxe5 Bxe5 14. f4 Bd4+
15. Be3 b4 16. Na4 a5 17. e5 Bxe3+ 18. Rxe3 Nd5 19. Re4 f5 20. Rd4 Qe7 21. Bc4
Rad8 22. Qb3 Kh8 23. Bxd5 cxd5 24. Rad1 Bc6 25. Kh1 Qa7 26. h3 Rc8 27. R4d2 Bb7
28. Qg3 Bc6 29. b3 Rfe8 30. Qe1 1/2-1/2

[Event "Sparkassen-Open A"]
[Site "Heusenstamm, Martinsee"]
[Date "2015.11.27"]
[Round "3.80"]
[White "Schwarz, Matthias"]
[Black "Gelfenbaum, Daniel"]
[Result "1-0"]
[WhiteElo "1641"]
[BlackElo "1771"]
[PlyCount "51"]
[EventDate "2015.??.??"]
[WhiteTeam "SG Idstein"]
[BlackTeam "TuS Makkabi"]

1. e4 c6 2. Nc3 d5 3. Nf3 Bg4 4. h3 Bxf3 5. Qxf3 e6 6. d4 Nf6 7. Bd3 dxe4 8.
Nxe4 Qxd4 9. Be3 Qd8 10. O-O-O Nbd7 11. Rhe1 Ne5 12. Qe2 Bb4 13. c3 Be7 14. Bc2
Qa5 15. Kb1 O-O 16. g4 Nxe4 17. Bxe4 f5 18. gxf5 exf5 19. Bc2 Ng6 20. Rg1 Kh8
21. Qh5 Nh4 22. Bd4 Rg8 23. Rxg7 Rxg7 24. Rg1 Ng6 25. Rxg6 Bf8 26. Rh6 1-0

[Event "Sparkassen-Open A"]
[Site "Heusenstamm, Martinsee"]
[Date "2015.11.27"]
[Round "3.81"]
[White "Hauk, Roland"]
[Black "von Kortzfleisch, Ruben"]
[Result "1/2-1/2"]
[WhiteElo "1771"]
[BlackElo "1379"]
[PlyCount "84"]
[EventDate "2015.??.??"]
[WhiteTeam "SK Endingen"]
[BlackTeam "SF Bad Mergentheim"]

1. e4 c6 2. d4 d5 3. Nd2 dxe4 4. Nxe4 Bf5 5. Ng3 Bg6 6. h4 h6 7. h5 Bh7 8. Nf3
Nd7 9. Bd3 Bxd3 10. Qxd3 Ngf6 11. Bd2 Qc7 12. O-O-O O-O-O 13. Qe2 e6 14. Rhe1
Bd6 15. Ne5 Rhf8 16. Kb1 Qb6 17. Nc4 Qc7 18. Nxd6+ Qxd6 19. Bc3 Nd5 20. Ba5
Rde8 21. Ne4 Qe7 22. c4 N5b6 23. c5 Nd5 24. Nd6+ Kb8 25. Nxe8 Rxe8 26. Qf3 Qg5
27. Qxf7 N7f6 28. Qg6 Qxg6+ 29. hxg6 Nf4 30. g3 Nxg6 31. f4 Kc8 32. Bc3 Kd7 33.
Re2 Ke7 34. Rf1 Kd7 35. Kc2 Nd5 36. Kd3 Rf8 37. Bd2 b6 38. b4 b5 39. a3 a6 40.
Re4 Nf6 41. Re2 Nd5 42. Rfe1 Rf6 1/2-1/2

[Event "Sparkassen-Open A"]
[Site "Heusenstamm, Martinsee"]
[Date "2015.11.27"]
[Round "3.82"]
[White "Friedel, Thomas"]
[Black "Laufenburg, Frank"]
[Result "1/2-1/2"]
[WhiteElo "1615"]
[BlackElo "1768"]
[PlyCount "54"]
[EventDate "2015.??.??"]
[WhiteTeam "SV Groß Gerau"]
[BlackTeam "SC Bergen-Enkheim"]

1. e4 d5 2. exd5 Qxd5 3. d4 e5 4. Be3 exd4 5. Nc3 Qd8 6. Qxd4 Qxd4 7. Bxd4 Bf5
8. O-O-O a6 9. Bc4 Nc6 10. Nf3 f6 11. Rhe1+ Nge7 12. Bc5 Rd8 13. Nd5 Rd7 14.
Nh4 Bg6 15. Nxg6 hxg6 16. h3 Kd8 17. Nxe7 Bxe7 18. Bxe7+ Nxe7 19. Be6 Rd6 20.
Re3 Rxd1+ 21. Kxd1 Nc6 22. Bd5 Kd7 23. a3 b6 24. g3 Kd6 25. Bg2 Ne7 26. Rd3+
Ke6 27. Re3+ Kd6 1/2-1/2

[Event "Sparkassen-Open A"]
[Site "Heusenstamm, Martinsee"]
[Date "2015.11.27"]
[Round "3.83"]
[White "Bunjaku, Lulzim"]
[Black "Bitzer, Andre"]
[Result "1-0"]
[WhiteElo "1766"]
[BlackElo "1617"]
[PlyCount "51"]
[EventDate "2015.??.??"]
[WhiteTeam "SC Heusenstamm"]
[BlackTeam "SV Griesheim"]

1. f4 d5 2. Nf3 Nf6 3. e3 Bg4 4. c4 e6 5. Nc3 c6 6. b3 g6 7. Be2 Bg7 8. O-O O-O
9. d4 Ne4 10. Bb2 Nd7 11. Ne5 Bxe2 12. Qxe2 Ndf6 13. c5 Nxc3 14. Bxc3 Ne4 15.
Bb2 Qa5 16. a3 Qd2 17. Rfe1 f6 18. Nf3 Qxe2 19. Rxe2 Rac8 20. b4 Rf7 21. Nd2 b6
22. Nxe4 dxe4 23. cxb6 axb6 24. Rc2 Bf8 25. Rac1 f5 26. Rxc6 1-0

[Event "Sparkassen-Open A"]
[Site "Heusenstamm, Martinsee"]
[Date "2015.11.27"]
[Round "3.84"]
[White "Paeslack, Luis"]
[Black "Lessmann, Sven"]
[Result "1-0"]
[WhiteElo "1752"]
[BlackElo "1593"]
[PlyCount "77"]
[EventDate "2015.??.??"]
[WhiteTeam "SK Mainaschaff"]
[BlackTeam "SC Bad Soden"]

1. d4 Nf6 2. c4 g6 3. Nc3 Bg7 4. e4 d6 5. Nf3 e5 6. Be2 Nc6 7. d5 Ne7 8. O-O
O-O 9. h3 Ne8 10. Be3 f5 11. exf5 Nxf5 12. Rc1 Nxe3 13. fxe3 Bh6 14. Qd2 Ng7
15. Bd3 Nf5 16. Bxf5 Bxf5 17. Rce1 Bd7 18. b4 Qe7 19. Ne4 Rf7 20. b5 Raf8 21.
Qe2 Bf5 22. Ng3 Bd7 23. a4 c6 24. dxc6 bxc6 25. Rd1 c5 26. Ne4 Rf6 27. Nxf6+
Rxf6 28. a5 e4 29. Nh2 Re6 30. b6 axb6 31. axb6 Bc6 32. Ra1 Qb7 33. Rfb1 Qb8
34. Qf2 Bb7 35. Rf1 Re7 36. Ng4 Bg7 37. Ra7 Qd8 38. Qh4 Rd7 39. Qxd8+ 1-0

[Event "Sparkassen-Open A"]
[Site "Heusenstamm, Martinsee"]
[Date "2015.11.27"]
[Round "3.85"]
[White "Reichel, Günther"]
[Black "van Foreest, Machteld"]
[Result "1/2-1/2"]
[WhiteElo "1745"]
[BlackElo "1592"]
[PlyCount "31"]
[EventDate "2015.??.??"]
[WhiteTeam "SC-SF Stockstadt"]
[BlackTeam "Schaakclub Haren"]

1. c4 e5 2. Nc3 Nf6 3. g3 d5 4. cxd5 Nxd5 5. Bg2 c6 6. Nf3 Bd6 7. Qb3 Nxc3 8.
bxc3 O-O 9. O-O Qc7 10. Rb1 Nd7 11. d4 exd4 12. cxd4 Nb6 13. Nd2 Be6 14. Qc2
Nd5 15. a3 c5 16. e4 1/2-1/2

[Event "Sparkassen-Open A"]
[Site "Heusenstamm, Martinsee"]
[Date "2015.11.28"]
[Round "4.1"]
[White "Wieczorek, Oskar"]
[Black "Landa, Konstantin"]
[Result "1/2-1/2"]
[WhiteElo "2428"]
[BlackElo "2625"]
[PlyCount "105"]
[EventDate "2015.??.??"]
[WhiteTeam "SC Heusenstamm"]
[BlackTeam "SV Mülheim-Nord"]

1. e4 c5 2. Nf3 e6 3. g3 Nc6 4. Bg2 Nf6 5. Nc3 d5 6. exd5 exd5 7. d4 Bg4 8. Be3
Qb6 9. Ne2 Qxb2 10. O-O Be7 11. dxc5 O-O 12. h3 Bxf3 13. Bxf3 Qa3 14. Rb1 Bxc5
15. Rb3 Qa5 16. Bxc5 Qxc5 17. Rxb7 Ne4 18. Bxe4 dxe4 19. Qd2 Rad8 20. Qc3 Qxc3
21. Nxc3 f5 22. Rfb1 Rf7 23. g4 g6 24. Rxf7 Kxf7 25. Rb7+ Ke6 26. Rxh7 Rd2 27.
gxf5+ gxf5 28. Rh6+ Kd7 29. h4 Nd4 30. h5 Rxc2 31. Nd5 Ne2+ 32. Kg2 Rd2 33. Kf1
Rxa2 34. Rf6 Nd4 35. h6 Nf3 36. Kg2 Ra1 37. Kg3 Rh1 38. Kf4 Rh5 39. Ra6 Kd8 40.
Rxa7 Rxh6 41. Kxf5 Rh5+ 42. Kxe4 Re5+ 43. Kxf3 Rxd5 44. Rf7 Ke8 45. Rf4 Ke7 46.
Kg4 Ke6 47. f3 Rb5 48. Ra4 Kf6 49. Ra6+ Kf7 50. f4 Rc5 51. Rh6 Rb5 52. Rh5 Rxh5
53. Kxh5 1/2-1/2

[Event "Sparkassen-Open A"]
[Site "Heusenstamm, Martinsee"]
[Date "2015.11.28"]
[Round "4.2"]
[White "Zeller, Frank"]
[Black "Sumets, Andrey"]
[Result "0-1"]
[WhiteElo "2392"]
[BlackElo "2583"]
[PlyCount "158"]
[EventDate "2015.??.??"]
[WhiteTeam "SK Schwäbisch Hall"]
[BlackTeam "SF Lilienthal"]

1. e4 c6 2. d4 d5 3. exd5 cxd5 4. c4 Nf6 5. Nc3 e6 6. Nf3 Be7 7. cxd5 Nxd5 8.
Bd3 Nc6 9. O-O O-O 10. a3 Bf6 11. Bc2 Nxc3 12. bxc3 b6 13. Qd3 g6 14. Bh6 Re8
15. Rfe1 Bb7 16. Rad1 Qd5 17. Qe3 Ne7 18. Qf4 Qh5 19. Qxf6 Qxh6 20. Ng5 Qg7 21.
Ne4 Bxe4 22. Qxg7+ Kxg7 23. Bxe4 Rac8 24. Rc1 Rc7 25. Rc2 Rec8 26. Rec1 Rc4 27.
g3 Ra4 28. c4 Rxa3 29. c5 Kf6 30. Rb1 Ra4 31. cxb6 axb6 32. Rxc8 Nxc8 33. Bb7
Nd6 34. Rxb6 Rxd4 35. h4 Rd2 36. Rb4 e5 37. Rb6 h6 38. Kg2 Ke7 39. Bc6 e4 40.
Kf1 f5 41. Ra6 Nc4 42. Bb5 Ne5 43. Be2 h5 44. Ra7+ Ke6 45. Ra6+ Rd6 46. Ra8 Rb6
47. Re8+ Kf6 48. Rf8+ Ke7 49. Ra8 Rb1+ 50. Kg2 Re1 51. Ra2 Kd6 52. Bf1 Rc1 53.
Be2 Nc6 54. Bb5 Nb4 55. Rd2+ Ke7 56. Rd7+ Ke6 57. Rg7 Kf6 58. Rb7 Rc2 59. Ba4
Rb2 60. Kf1 Nd3 61. Rxb2 Nxb2 62. Be8 Nc4 63. Ke2 Nd6 64. Bc6 Ke5 65. Ke3 Nc4+
66. Ke2 f4 67. Be8 f3+ 68. Ke1 Kf6 69. Bc6 Nd6 70. Kd2 Ke5 71. Ke1 Kd4 72. Kd2
Nc4+ 73. Ke1 Ne5 74. Bb5 e3 75. fxe3+ Kxe3 76. Kf1 Ng4 77. Kg1 Nf6 78. Bc6 Ke2
79. Bb5+ Ke1 0-1

[Event "Sparkassen-Open A"]
[Site "Heusenstamm, Martinsee"]
[Date "2015.11.28"]
[Round "4.3"]
[White "Borovikov, Vladislav"]
[Black "Milov, Leonid"]
[Result "1/2-1/2"]
[WhiteElo "2564"]
[BlackElo "2471"]
[PlyCount "24"]
[EventDate "2015.??.??"]
[WhiteTeam "SC Siegburg"]
[BlackTeam "SC Noris-Tarrasch Nürnberg"]

1. d4 d5 2. c4 c6 3. Nc3 Nf6 4. e3 g6 5. Nf3 Bg7 6. Be2 O-O 7. O-O a5 8. b3 Ne4
9. Bb2 Nxc3 10. Bxc3 Bg4 11. h3 Bxf3 12. Bxf3 e6 1/2-1/2

[Event "Sparkassen-Open A"]
[Site "Heusenstamm, Martinsee"]
[Date "2015.11.28"]
[Round "4.4"]
[White "Zubarev, Alexander"]
[Black "Weichhold, Pawel"]
[Result "1-0"]
[WhiteElo "2540"]
[BlackElo "2413"]
[PlyCount "101"]
[EventDate "2015.??.??"]
[WhiteTeam "SC Siegburg"]
[BlackTeam "SC Heusenstamm"]

1. e4 c5 2. Nf3 Nc6 3. Bb5 g6 4. Bxc6 dxc6 5. d3 Bg7 6. h3 Nf6 7. Nc3 e5 8.
Nxe5 Nxe4 9. Nxe4 Bxe5 10. O-O O-O 11. Nxc5 b6 12. Ne4 f5 13. Nd2 f4 14. Rb1 a5
15. b3 Ra7 16. Re1 Bc3 17. Bb2 Bxb2 18. Rxb2 g5 19. Rb1 Rg7 20. Ne4 f3 21. g4
h5 22. Ng3 hxg4 23. hxg4 Bxg4 24. Re4 Bh3 25. Qd2 Qd6 26. Qe3 Qg6 27. Re5 Qh6
28. Re8 Rgf7 29. Rxf8+ Kxf8 30. Qxb6 Re7 31. Qxa5 Bd7 32. Re1 Rxe1+ 33. Qxe1
Bh3 34. Qe4 Bg2 35. Qf5+ Ke8 36. Qc8+ Kf7 37. Qf5+ Ke8 38. Qe5+ Kd8 39. a4 g4
40. Qd4+ Kc7 41. Qe3 Qf6 42. d4 Kb7 43. b4 Qh4 44. b5 cxb5 45. axb5 Kb6 46. Qe5
Qh6 47. Qc5+ Ka5 48. c4 Qc1+ 49. Kh2 Qc2 50. b6+ Ka6 51. Qc7 1-0

[Event "Sparkassen-Open A"]
[Site "Heusenstamm, Martinsee"]
[Date "2015.11.28"]
[Round "4.5"]
[White "Stümer, Paul"]
[Black "Sadzikowski, Daniel"]
[Result "0-1"]
[WhiteElo "2073"]
[BlackElo "2510"]
[PlyCount "96"]
[EventDate "2015.??.??"]
[WhiteTeam "SV Bergneustadt/Derschlag"]
[BlackTeam "SC Heusenstamm"]

1. Nf3 d5 2. c4 d4 3. e3 Nc6 4. b4 Nxb4 5. Qa4+ Nc6 6. exd4 e6 7. Bb2 Nf6 8.
Be2 Be7 9. O-O O-O 10. d3 Nd7 11. c5 Nf6 12. Nbd2 Nd5 13. Rfe1 Bd7 14. Qd1 f6
15. Nc4 Be8 16. Bf1 Bf7 17. g3 Re8 18. Bh3 Bf8 19. a3 b5 20. Ne3 Nce7 21. Nc2
Qd7 22. Qd2 a5 23. Rac1 Ra6 24. Na1 Nc6 25. Nc2 Bh5 26. Bg2 Raa8 27. Ne3 Nce7
28. Qc2 c6 29. Nd2 a4 30. Ne4 Nc7 31. Nd6 Red8 32. g4 Bf7 33. g5 Ned5 34. Ng4
Bh5 35. Bf3 Bg6 36. gxf6 gxf6 37. Ne4 Bg7 38. Nd6 Ne8 39. Bxd5 exd5 40. Ne3
Nxd6 41. cxd6 Rac8 42. Qd1 Bf8 43. Ng4 Kg7 44. Qf3 Qf5 45. Qg2 Bxd6 46. Rc2 Re8
47. Rce2 Rxe2 48. Rxe2 Qxd3 0-1

[Event "Sparkassen-Open A"]
[Site "Heusenstamm, Martinsee"]
[Date "2015.11.28"]
[Round "4.6"]
[White "Kveinys, Aloyzas"]
[Black "Barski, Radoslaw"]
[Result "1/2-1/2"]
[WhiteElo "2485"]
[BlackElo "2336"]
[PlyCount "82"]
[EventDate "2015.??.??"]
[WhiteTeam "Vilnius"]
[BlackTeam "SC Heusenstamm"]

1. d4 Nf6 2. c4 g6 3. g3 Bg7 4. Bg2 O-O 5. Nc3 d6 6. Nf3 Nbd7 7. O-O e5 8. e4
a6 9. h3 Rb8 10. Rb1 exd4 11. Nxd4 Ne5 12. b3 c5 13. Nc2 Nc6 14. Be3 b5 15.
cxb5 axb5 16. b4 cxb4 17. Nxb4 Nxb4 18. Rxb4 Qa5 19. Qb1 Be6 20. Bd4 Bc4 21.
Rd1 Nd7 22. Bxg7 Kxg7 23. Rxd6 Ne5 24. Qb2 f6 25. Nd5 Qxa2 26. Qxa2 Bxa2 27. f4
Nd3 28. Rd4 Nc5 29. Rc6 Rfc8 30. Nc7 Rb7 31. Rxc5 Rcxc7 32. Rxc7+ Rxc7 33. Bf1
Rc1 34. Kf2 Bc4 35. Bxc4 bxc4 36. Rd7+ Kg8 37. Rc7 c3 38. e5 fxe5 39. fxe5 c2
40. e6 Kf8 41. Ke2 Ke8 1/2-1/2